000 00645nam a2200181 a 4500
001 000044030
005 20201002045114.0
008 140513s1966 sp 000 p spa d
040 _aDO-SdBNP
_bspa
_cBNPHU
082 _axxxx
_bxxxx
100 1 _aMantero, Manuel,
_d1930-
_972010
245 1 0 _aPoesía española contemporánea :
_bestudio y antología (1939-1965) /
_cManuel Mantero.
260 _aBarcelona
_aPlaza & Janés,
_c1966.
300 _a622 p. ;
_c18 cm.
490 1 _aSelecciones de poesía española
500 _aIncluye referencias bibliográficas y notas al pie de las páginas
830 0 _aSelecciones de poesía española
_969282
999 _c43519
_d43519